| 000 | 00770cab a2200205 4500 | ||
|---|---|---|---|
| 001 | ABS44828 | ||
| 008 | 090401t1991 xxu||||| |||| 00| 0 eng d | ||
| 035 | _a(Sirsi) u49286 | ||
| 041 | _aeng | ||
| 100 | _aFuller, K. | ||
| 245 | _aEA in the UK | ||
| 260 | _c1991 | ||
| 350 | _a0 | ||
| 490 |
_aTown & Country Planning _v60(6) June 1991, 179-181(2) |
||
| 520 | _aDiscusses the reasons why implementation of environmental assessment in the UK has not been as successful as in other countries such as the USA , Canada and the Netherlands and argues that this can only be rectified by a single agency approach plus more public involvement. References. | ||
| 650 | _aDEVELOPMENT | ||
| 690 | _aENVIRONMENTAL AND LAND CONSULTANCY | ||
| 942 | _n0 | ||
| 948 | _c04/03/1997 | ||
| 999 |
_c30836 _d30836 |
||